[Event "Monarch Assurance IoM U175 15th"]
[Site "Port Erin IOM"]
[Date "2006.10.01"]
[Round "7"]
[White "Twitchell, David"]
[Black "Livesey, R Nigel"]
[Result "1-0"]
[WhiteElo "1640"]
[BlackElo "1768"]
[PlyCount "175"]
[EventDate "2006.09.25"]
[EventType "swiss"]
[EventRounds "7"]
[EventCountry "IOM"]

1. e4 c6 2. c4 d5 3. exd5 cxd5 4. cxd5 Nf6 5. Qa4+ Bd7 6. Qb3 Na6 7. Nc3 Nc5 8.
Qc2 g6 9. d4 Bf5 10. Bb5+ Ncd7 11. Qe2 a6 12. Bd3 Bxd3 13. Qxd3 Nb6 14. Nf3 Bg7
15. O-O O-O 16. Bf4 Nbxd5 17. Be5 Rc8 18. Rfe1 Qa5 19. Ne4 Nxe4 20. Qxe4 Rc6
21. a3 Rfc8 22. b4 Qd8 23. h4 Nf6 24. Qb1 Qd5 25. Qa2 Qxa2 26. Rxa2 Rc2 27.
Rxc2 Rxc2 28. Kf1 Nd5 29. Bxg7 Kxg7 30. Ra1 Nf4 31. Ne1 Rc3 32. Ra2 Nd5 33. Ke2
Kf6 34. Kd2 Ke6 35. Nd3 b6 36. Nf4+ Nxf4 37. Kxc3 Nxg2 38. Re2+ Kd6 39. h5 gxh5
40. f3 Nf4 41. Rh2 f6 42. Kd2 Kd5 43. Ke3 e5 44. dxe5 fxe5 45. Rd2+ Ke6 46. Ke4
h4 47. Rd8 Ng6 48. Rc8 Kd7 49. Rb8 Kc7 50. Ra8 Kb7 51. Rd8 Kc7 52. Rd2 Kc6 53.
a4 Kc7 54. Kf5 Kc6 55. Ke6 a5 56. Rc2+ Kb7 57. b5 Kb8 58. Kf6 Kb7 59. Kg7 Nf4
60. Kxh7 h3 61. Rh2 Ne6 62. Kg6 Nc5 63. Rxh3 Nxa4 64. Rh7+ Kc8 65. Kf5 Nc3 66.
Kxe5 Nxb5 67. f4 a4 68. Kd5 Nc7+ 69. Kc6 Kd8 70. Rh8+ Ne8 71. Rh3 b5 72. Kxb5
Ke7 73. Re3+ Kf7 74. Kxa4 Nf6 75. Re5 Ng4 76. Rb5 Kf6 77. Kb4 Ne3 78. Kc3 Ng4
79. Kd3 Nf2+ 80. Ke2 Ng4 81. Kf3 Nh6 82. Rb6+ Kg7 83. Ke4 Ng4 84. Kf5 Ne3+ 85.
Kg5 Nd5 86. Rg6+ Kf8 87. f5 Ne7 88. Rf6+ 1-0

[Event "Monarch Assurance IoM U130 15th"]
[Site "Port Erin IOM"]
[Date "2006.09.26"]
[Round "2"]
[White "Robertson, Alan"]
[Black "Elvin, C."]
[Result "0-1"]
[WhiteElo "1320"]
[BlackElo "1208"]
[PlyCount "58"]
[EventDate "2006.09.25"]
[EventType "swiss"]
[EventRounds "7"]
[EventCountry "IOM"]

1. c4 e5 2. Nf3 Nc6 3. d3 f5 4. g3 Bc5 5. a3 h6 6. Nbd2 d6 7. Bg2 Nf6 8. Qc2
Qe7 9. Nb3 Bb6 10. Nh4 Qf7 11. O-O Nd4 12. Nxd4 Bxd4 13. Qb3 e4 14. e3 Bb6 15.
Bh1 g5 16. Ng2 h5 17. h4 gxh4 18. Nxh4 Rg8 19. dxe4 fxe4 20. Bd2 Bh3 21. Bg2
Bxg2 22. Nxg2 Qh7 23. Nh4 O-O-O 24. Bc3 Rdf8 25. a4 Ng4 26. Qc2 Nxf2 27. Kg2
Bxe3 28. Rae1 Rxg3+ 29. Kxg3 Qg8+ 0-1

[Event "Monarch Assurance IoM U130 15th"]
[Site "Port Erin IOM"]
[Date "2006.09.29"]
[Round "5"]
[White "Biddulph, Christopher"]
[Black "Minor, Harry"]
[Result "1-0"]
[WhiteElo "656"]
[BlackElo "1000"]
[PlyCount "113"]
[EventDate "2006.09.25"]
[EventType "swiss"]
[EventRounds "7"]
[EventCountry "IOM"]

1. Nf3 d5 2. Nc3 Nf6 3. d4 e6 4. Be3 Bb4 5. g3 Ne4 6. Qd3 c6 7. Bg2 Qa5 8. a3
Nxc3 9. axb4 Qxa1+ 10. Kd2 Qxb2 11. Qxc3 Qxc3+ 12. Kxc3 O-O 13. Bf4 a5 14. bxa5
Nd7 15. Bd6 Rd8 16. Bc7 Re8 17. Ne5 Nf6 18. Rb1 Ne4+ 19. Bxe4 dxe4 20. Nc4 Re7
21. Bd6 Rd7 22. Bb4 Rd5 23. Nb6 Raxa5 24. Bxa5 Rb5 25. Rxb5 cxb5 26. Nxc8 f5
27. f4 Kf7 28. Nd6+ Kg6 29. Nxb7 Kh5 30. Nc5 g5 31. Nxe6 g4 32. d5 Kg6 33. d6
Kf6 34. Nf8 Kf7 35. Nxh7 Ke6 36. Bc7 Kd7 37. Nf8+ Kc8 38. Bb6 Kb7 39. d7 Kxb6
40. d8=Q+ Kc5 41. Qd4+ Kc6 42. h4 gxh3 43. Qh8 Kc5 44. Kb2 Kc4 45. Qxh3 e3 46.
Qxf5 b4 47. Qc8+ Kd4 48. Ne6+ Kd5 49. Qd7+ Ke4 50. Qc6+ Kf5 51. Qd5+ Kg6 52.
Qg5+ Kf7 53. f5 b3 54. cxb3 Ke8 55. Ng7+ Kf7 56. Qg6+ Kg8 57. Ne6+ 1-0